000 00426nmm a2200145Ia 4500
008 251105s9999||||xx |||||||||||||||||und||
041 _aspa
100 _aAguirre, P. Eduardo
245 0 _aClaves de la vitalidad de Schoenstatt
264 _a[Santiago de Chile, Chile] :
_bNueva Patris,
_c2009
300 _a100 páginas
650 _aReligion(s)
856 _uhttps://public.digitaliapublishing.com/a/28682
942 _cCF
999 _c104307
_d104307